| 000 | 00668nam a2200241Ia 4500 | ||
|---|---|---|---|
| 008 | 160303s9999 xx 000 0 und d | ||
| 020 | _a971-08-6472-6 | ||
| 050 | _aFIL KPM 1079 | ||
| 050 | _b.A3N65 2004 c.2 | ||
| 100 | _aNolledo, Mercedita S. | ||
| 245 | _aPhilippine nursing act of 2002 : | ||
| 245 | _bwith basic annotations / | ||
| 245 | _cMercedita S. Nolledo | ||
| 260 | _aMandaluyong City : | ||
| 260 | _bNational Book Store. | ||
| 260 | _c2004 | ||
| 300 | _a31 pages : | ||
| 300 | _c22 cm. | ||
| 650 | _aMedical laws and legislation -- | ||
| 650 | _aNursing -- | ||
| 650 | _x Law and legislation -- Philippines. | ||
| 650 | _xPhilippines. | ||
| 999 |
_c291451 _d291451 |
||